000 00583nam a2200217Ia 4500
003 OSt
005 20220918191906.0
006 a|||||r|||| 00| 0
007 ta
008 220917b |||||||| |||| 00| 0 eng d
024 _a65,711
037 _cTextual
040 _aARTS
_cARTS
_beng
041 _2eng
_aeng
082 _aR211, K4
100 _aMandelbaum maurice
_977556
245 0 _aPhilosophy science and sense perception
_b historical and critical studies
260 _c1964
942 _hR211, K4
_cTEXL
_2CC
999 _c191948
_d191948